000 00800nam a2200241 a 4500
008
020 _a359821829X (cased)
049 _aMAIN
090 _aZ716.3
245 1 0 _aEducation and research for marketing and quality management in libraries
_bsatellite meeting, Quebec, August 14-16 2001 /
_cedited by Rejean Savard.
260 _aMunich :
_bK G Saur for IFLA,
_c2002.
300 _ax, 326 p. ;
_c22 cm.
440 _aIFLA Publications ;
_v99.
504 _aIncludes bibliographical references.
650 1 _aLibraries
_xMarketing.
650 _aLibraries
_xPublic relations.
700 _aSavard, Rejean.
907 _a.b10117015
_b14-04-09
_c03-04-04
003
005 20230123133653.0
040 _cNUST
942 _cBOOKS
_kZ716.3
999 _c152597
_d152597